000
00305nam a2200133Ia 4500
008
230917s9999||||xx |||||||||||||| ||und||
040
_e
182809
_a
MAIN
041
_a
English
082
_a
780.5 S58S
100
_a
Garg, Luxminarayan
245
0
_a
Sangeet bharva that ank
300
_a
170 p.
942
_c
BK
999
_c
38492
_d
38492